<?xml version="1.0" encoding="UTF-8"?>
<marc:record xmlns:marc="http://www.loc.gov/MARC21/slim">
   <marc:leader>00000nam a2200000 a 4500</marc:leader>
   <marc:datafield ind1="1" ind2=" " tag="100">
      <marc:subfield code="a">Böhm, Anna</marc:subfield>
      <marc:subfield code="4">aut</marc:subfield>
      <marc:subfield code="e">Verfasser/-in</marc:subfield>
   </marc:datafield>
   <marc:datafield ind1=" " ind2=" " tag="653">
      <marc:subfield code="a">Tiere</marc:subfield>
   </marc:datafield>
   <marc:datafield ind1=" " ind2=" " tag="653">
      <marc:subfield code="a">Krimi</marc:subfield>
   </marc:datafield>
   <marc:datafield ind1=" " ind2=" " tag="653">
      <marc:subfield code="a">Natur</marc:subfield>
   </marc:datafield>
   <marc:datafield ind1=" " ind2=" " tag="653">
      <marc:subfield code="a">Action</marc:subfield>
   </marc:datafield>
   <marc:datafield ind1=" " ind2=" " tag="653">
      <marc:subfield code="a">Detektivgeschichte</marc:subfield>
   </marc:datafield>
   <marc:datafield ind1="0" ind2="0" tag="245">
      <marc:subfield code="a">Die Tierpolizei</marc:subfield>
   </marc:datafield>
   <marc:datafield ind1="0" ind2="0" tag="245">
      <marc:subfield code="b">Kommissare mit Fell und Feder</marc:subfield>
   </marc:datafield>
   <marc:datafield ind1=" " ind2="1" tag="264">
      <marc:subfield code="b">Oetinger Verl.</marc:subfield>
      <marc:subfield code="c">2020</marc:subfield>
   </marc:datafield>
   <marc:datafield ind1="1" ind2=" " tag="490">
      <marc:subfield code="a">Die Tierpolizei</marc:subfield>
   </marc:datafield>
   <marc:datafield ind1="1" ind2=" " tag="520">
      <marc:subfield code="a">Eines Morgens wacht die Katzenbärin Flopson auf und stellt fest, dass ihr Freund Tjalle, ein kleiner Streifentenrek, verschwunden ist. Flopson wittert einen Kriminalfall und verlässt ihren sicheren Käfig, um Tjalle zu retten. Dabei lernt sie Fridolin kennen, ein winziges Zwergpony. Er hilft ihr bei der Suche, aber statt Tjalle finden sie die verletzte Blaumeise Meili. Zu dritt suchen sie Schutz in einem ausgedienten Polizeiauto, allerdings hat sich dort bereits der mürrische Teddyhamster Jack ausgebreitet, der die ungebetenen Gäste schnell wieder loswerden will. Als sie aber eine wichtige Spur zu Tjalle finden, raufen sich die vier unterschiedlichen Tiere zusammen, denn nur gemeinsam können sie diesen Fall lösen.</marc:subfield>
   </marc:datafield>
   <marc:datafield ind1=" " ind2=" " tag="020">
      <marc:subfield code="a">9783789121234</marc:subfield>
      <marc:subfield code="9">9783789121234</marc:subfield>
   </marc:datafield>
</marc:record>
